MDQL
is popping MORE tags! Check the
thread
!
Quizzes
Events
Quiz Creation
Community
Videos
Private Events
Remove Ads
Sign In
Join for FREE
Feedback
Dark Mode
Quiz Categories
Sports
Geography
Music
Movies
Television
Just For Fun
Miscellaneous
History
Literature
Language
Science
Gaming
Entertainment
Religion
Holiday
For Kids
Quiz Lab
Recent
Popular Today
Quiz Kudos Today
Editor Picks
Curator Picks
Quizzes by...
Day
Popularity
Type
Ratings
Length
Year
Community
Subscriptions
Recent Discussions
Orange Saloon
Badges
Playlists
Quests
Create
Leaderboards
Showdown
Live 5
Trivia Bingo
Activity
Puzzle Library
Sporcle Events
Private Events
Virtual Trivia
Globe League
Become a Host
Pub Owners
SporcleCon
Opinionation
Our Games
Videos
Blog
Mobile Apps
Partnerships
Remove Ads and Go Orange
Feedback
Movies
Disney
Marvel Cinematic Universe
Movie Resume
Movie Titles
Oscar
Actor
Actress
Director
Pixar
Role
Movie Quotes
Movie Characters
Box Office
Nominee
Best Picture
Star Wars
James Bond
Horror Movies
Movies
Disney
Marvel Cinematic Universe
Movie Resume
Movie Titles
Oscar
Actor
Actress
Director
Pixar
Role
Movie Quotes
Movie Characters
Box Office
Nominee
Best Picture
Star Wars
James Bond
Horror Movies
Random Quiz
Search Sporcle
×
Quiz Lab
Quiz Lab
Movies
globe
Type in answers that appear in a list
Type in answers that appear in a list
Classic
Best Score? Go Orange.
Golden Globe Nominations 2012 Stats
Can you name the Golden Globe Nominations 2012?
By
deetzer
10m
56 Questions
219 Plays
219 Plays
219 Plays
Comments
Comments
Give Quiz Kudos
Give Quiz Kudos
-
- Ratings
hide this ad
Replay
Link that replays current quiz
Next Quiz
Link to next quiz in quiz playlist
You Got
0%
They Got
Avg Score
65%
Avg Friend Score
Upgrade to see
Score Distribution
Jump to the score distribution portion of the page
Score
0/56
Timer
10:00
0
Plays Today
% Correct
George Clooney
92.2%
George Clooney
92.2%
The Descendants
89%
Leonardo DiCaprio
88.6%
The Artist
87.7%
Brad Pitt
86.3%
Michelle Williams
84.9%
Glenn Close
83.1%
Rooney Mara
82.6%
Meryl Streep
82.6%
Martin Scorsese
82.6%
Hugo
81.7%
Viola Davis
81.7%
The Help
81.3%
Woody Allen
80.8%
Moneyball
79.5%
Ryan Gosling
74.9%
Ryan Gosling
74.9%
Jodie Foster
74%
Midnight in Paris
73.1%
Bridesmaids
71.7%
Ides of March
71.2%
Owen Wilson
70.8%
Jessica Chastain
68%
Octavia Spencer
68%
Jonah Hill
68%
Kristen Wiig
66.7%
Alexander Payne
66.2%
% Correct
Michael Fassbender
65.8%
My Week with Marilyn
65.8%
Kenneth Branagh
64.4%
Tilda Swinton
63.9%
Viggo Mortensen
63.5%
Jean Dujardin
63%
50/50
62.1%
Kate Winslet
62.1%
War Horse
61.6%
Cars 2
61.6%
Charlize Theron
61.2%
Rango
60.3%
Christopher Plummer
59.8%
Berenice Bejo
57.5%
Joseph Gordon-Levitt
56.2%
The Adventures of Tin Tin
55.7%
Shailene Woodley
53.4%
Albert Brooks
51.1%
Janet McTeer
47.5%
A Separation
43.8%
Arthur Christmas
41.1%
Michel Hazanavicius
37%
In the Land of Blood and Honey
36.1%
Puss in Boots
35.6%
Brendan Gleeson
35.2%
The Skin I Live In
32.4%
The Flowers of War
20.5%
The Kid with a Bike
20.5%
Quiz Playlist
Details
Report
Send in Message
Add To Playlist
Classic:
Type in answers that appear in a list
Last Updated: Feb 16, 2017
Quiz Scoreboard
CHALLENGE
Sign Up to Join the Scoreboard
Show All
Scores
Hide
Comments
May contain spoilers
Recently Published
Holiday 10x10 Sorting Gallery
by lukepisani3
Holiday
15m
Two Season TV Shows II
by 123Four
Television
10m
Image Sorting: Flags VI
by Barbecue
Geography
2m
More to Explore
Quiz From the Vault
Featured Blog Post
14 Easter Pick-up Lines to Find Eggs With
hide this ad
You Might Also Like...
Tags
2012
globe
nomination
Today's Top Quizzes in Movies
Browse Movies
hide this ad
Today's Top Quizzes in globe
Browse globe
Top Contributed Quizzes in Movies
1
The ultimate James Bond movie quiz
2
Find The 'Big' Movie
3
Find The 'Wild' Movie
4
Find The 'Blue' Movie
5
Movies By Plot
6
Hidden Star Wars Character II
7
25 Best Actor Nominees (1990s)
8
Hidden Star Wars Character III
9
😉 2024 Oscar Nominees by Emoji
10
Hidden Star Wars Character IV
Explore More
Trending Topics
Crossword
Harry Potter
Disney
Marvel
NBA
Kpop
Anime
WWE
Pokémon
NFL
Song
Country
Soccer
The Office
Puzzle
hide this ad
More By:
deetzer
Quiz
Plays
Rating
Category
Featured
Created
Tom Hardy Movies
13,237
4.56
Movies
Jan 26, 2012
Golden Globe Nominations 2012
219
4.50
Movies
Jan 11, 2012
Nicolas Winding Refn Movies
106
5.00
Movies
Jan 27, 2012
Go to Creator's Profile
Score Distribution
Quiz Creator Spotlight
deetzer
Follow
Send a Message
Quizzes Created
-
Created Quiz Play Count
-
More By This Creator
Popular Quizzes Today
1
Find the US States - No Outlines Minefield
2
Colored Red Africa Blitz
3
Find the 'City' Movie
4
The Countries of the World
5
5x2 Blitz: Bands
6
Find the US States
7
Find the Countries of Europe - No Outlines Minefield
8
US States
More Movies Quizzes
Don’t Judge a Movie by its Poster
Editor's Pick
Trending Quizzes
Colored Red Europe Blitz I
Colored Red Europe Blitz II
Colored Red Africa Blitz II
Colored Red Europe Blitz III
Colored Red Africa Blitz III
Recently Updated
Odd Team Out - Big 4 Players
pecheneg
Quick Pick: 20 Twenties
pecheneg
March Madness Men's Triple Doubles
pecheneg
How Do You Spell That?
pecheneg
Godzilla Movies
pecheneg
Grab Bag: 4-10 Letters
pecheneg
2024 March Madness Bracket
pecheneg
Famous TV Couples
Peacemaker
Champions League XIs: Real Madrid
pecheneg
Largest US Cities 1790-2010
pecheneg
Trending Topics
NBA
Crossword
Anime
Disney
Marvel
Harry Potter
Kpop
WWE
NFL
Puzzle
Pokémon
Country
The Office
Soccer
Song
Your Account Isn't Verified!
In order to create a playlist on Sporcle, you need to verify the email address you used during registration. Go to your
Sporcle Settings
to finish the process.
Report this User
Report this user for behavior that violates our
Community Guidelines
.
Details:
Send Report
Go to the Sporcle.com Mobile Site →
Comments